| 000 | 00622nam a2200217 i 4500 | ||
|---|---|---|---|
| 001 | bg | ||
| 100 | 1 | _aMACHA, Ewald | |
| 245 | 1 | 0 |
_aReliability of machines / _cEwald Macha. |
| 260 |
_aOpole : _bPO, _c2001. |
||
| 300 |
_a113 s. : _brys., wykr. ; _c24 cm. |
||
| 490 | 1 |
_aSkrypt / Politechnika Opolska, _x1427-9932 ; _vnr 240 |
|
| 504 | _aBibliogr. | ||
| 650 | 9 |
_aNiezawodność urządzeń _xteoria |
|
| 655 | _aPodręczniki akademickie | ||
| 830 | 0 |
_aSkrypt (Politechnika Opolska) ; _vnr 240 |
|
| 040 | _cBPK | ||
| 041 | 0 | _aen | |
| 080 | _a621-192(075.8) | ||
| 942 | _cKS | ||
| 008 | s pl f |000 0 pol | ||
| 999 |
_c40865 _d40865 |
||
| 856 |
_uhttp://koha.tu.koszalin.pl/cgi-bin/koha/opac-detail.pl?biblionumber=40865 _yKatalog online BPK |
||